|
|
|
|
| LEADER |
01450nam a22002657a 4500 |
| 001 |
9761 |
| 003 |
BD-DhAAL |
| 005 |
20250408150429.0 |
| 008 |
171130t2000 bg a|||| |||| 00| 0 eng d |
| 040 |
|
|
|a BD-DhAAL
|c BD-DhAAL
|
| 082 |
|
|
|a 338.095492
|2 22
|
| 245 |
|
|
|a Research reports,
|f (2000),
|b economic studies.
|n Volume XV.
|
| 264 |
|
|
|a Dhaka :
|b Research and Evaluation Division, BRAC,
|c 2000.
|
| 300 |
|
|
|a 363 pages :
|b illustrations ;
|c 30 cm.
|
| 362 |
|
|
|a Vol. 15
|
| 504 |
|
|
|a Includes bibliographical references.
|
| 541 |
|
|
|a Complimentary copy from Research and Evaluation Division (RED), BRAC
|e 9761, 44053
|
| 610 |
|
|
|a BRAC
|9 14405
|
| 651 |
|
|
|a Bangladesh
|x Economic condition.
|9 24144
|
| 710 |
|
|
|a BRAC.
|b Research and Evaluation Division.
|9 14405
|
| 852 |
|
|
|a Ayesha Abed Library
|c BRAC Resource Section
|
| 942 |
|
|
|2 ddc
|c BK
|
| 999 |
|
|
|c 38755
|d 38755
|
| 952 |
|
|
|0 0
|1 0
|2 ddc
|4 0
|6 338_095492000000000_RES
|7 1
|8 RPT
|9 62174
|a BRACUL
|b BRACUL
|c BRS
|d 2017-12-07
|e Complimentary copy from Research and Evaluation Division (RED), BRAC
|l 0
|o 338.095492 RES
|p 3010009761
|r 2017-12-07
|t 1
|w 2017-12-07
|y BK
|x Complimentary copy from Research and Evaluation Division (RED), BRAC
|
| 952 |
|
|
|0 0
|1 0
|2 ddc
|4 0
|6 338_095492000000000_RES
|7 0
|8 RPT
|9 77286
|a SCL
|b BRACUL
|c GEN
|d 2025-02-02
|e Complimentary copy from Research and Evaluation Division (RED), BRAC
|l 0
|o 338.095492 RES
|p 3020044053
|r 2025-02-02
|t 2
|w 2025-02-02
|y BK
|x Complimentary copy from Research and Evaluation Division (RED), BRAC
|